000 00442nam a2200169 a 4500
001 0000-9329
003 ELIB.Books
008 110520 2003
035 _a(ELIB.Books)0000-9481
082 _aB.Th
_bHtw
100 _aHtwe Cho, Naw
245 _aWhen our Ancestors know the Saviour
260 _bInsein: Karen Baptist Theolgical Seminary
_c2003
650 _aThesis
942 _2ddc
_cBK
998 _cbat
_e2011-05-20
999 _c9329
_d9329